Science Quiz

Random Science or Typing Quiz

Typing Challenge: Elements Only Quiz Stats

 Plays Quiz Updated Jul 11, 2018

Challenge
Share
Tweet
Embed
Score 0/40 Timer 01:30
11 Plays Today
Type Elements Only Type or SKIP % Correct
????
100%
????
99.4%
????
98.5%
????
97.1%
????
77.1%
????
76.6%
????
76.3%
????
72%
????
71.6%
????
71.5%
????
70.4%
????
69.3%
????
68%
????
67.1%
????
57.6%
????
49.5%
????
44.3%
????
43.5%
????
42.7%
????
41.4%
Type Elements Only Type or SKIP % Correct
????
41.1%
????
37.7%
????
36.3%
????
33.7%
????
31.4%
????
31.1%
????
30.6%
????
28.6%
????
27.1%
????
26.4%
????
25.4%
????
22%
????
20.3%
????
18.7%
????
17.2%
????
10.7%
????
9.7%
????
8.9%
????
7.9%
????
6.9%

You're not logged in!

Compare scores with friends on all Sporcle quizzes.
Join for Free
OR
Log In

You Might Also Like...

Show Comments

Extras

Top Quizzes Today


Score Distribution

Your Account Isn't Verified!

In order to create a playlist on Sporcle, you need to verify the email address you used during registration. Go to your Sporcle Settings to finish the process.

Report this User

Report this user for behavior that violates our Community Guidelines.

Details: